000 00247nam a2200097Ia 4500
001 999809
005 20250826230340.0
008 250824s9999 xx 000 0 und d
245 0 _aRÜYA KOLONİSİ/R1
_cESRA AVGÖREN
260 _bGENÇ DAMLA YAYINLARI
999 _c999809
_d999809